000 00986nam a2200241Ia 4500
001 853-STR sa te (15488)
003 IT-MiSPE
008 171229s9999||||xx |||||||||||||| ||und||
040 _aIT-MiSPE
_cIT-MiSPE
041 _aITALIANO
100 _aSaverio Strati
245 0 _aTerra di emigranti
250 _a2a ed.
260 _aFirenze
_bSalani
_c1979
300 _a157 p.
_c19 cm
490 _aNarrativa
501 _aEdizioni San Paolo srl - Piazza Soncino, 5 - 20092 CINISELLO BALSAMO (MI) (non commercial uses only) ® Copyright 2018
520 _aGeno Pampaloni (pres.)
700 _aGeno Pampaloni
942 _cBK
957 _71
999 _a1865
_bNO
_g Copie: 1
_c354520
_d354520